[Event "London Golders Green op U1900 5th"]
[Site "London"]
[Date "2015.01.18"]
[Round "5"]
[White "Venkateswaran, Nimal Krishnan"]
[Black "Gaudeau, Alain"]
[Result "1-0"]
[WhiteElo "1552"]
[BlackElo "1399"]
[PlyCount "91"]
[EventDate "2015.01.17"]
[EventType "swiss"]
[EventRounds "5"]
[EventCountry "ENG"]
[SourceTitle "EXT 2018"]
[Source "ChessBase"]
[SourceDate "2017.10.13"]
[SourceVersion "1"]
[SourceVersionDate "2017.10.13"]
[SourceQuality "1"]

1. d4 c6 2. c4 d5 3. Nc3 Nf6 4. Nf3 Bf5 5. e3 e6 6. Nh4 Bg6 7. Nxg6 hxg6 8. Bd3 Nbd7 9. Qb3 Qb6 10. Qc2 Be7 11. 0-0 Qc7 12. h3 Ng4 13. f4 Ngf6 14. Bd2 0-0 15. Rf3 Rac8 16. Be1 Qd8 17. Qb3 Qb6 18. Qc2 Qd8 19. Qf2 c5 20. cxd5 exd5 21. Ne2 cxd4 22. Nxd4 Nc5 23. Qe2 Nfe4 24. Bb4 Nxd3 25. Bxe7 Qxe7 26. Qxd3 Qb4 27. Qe2 Rfd8 28. Raf1 Qd6 29. h4 Ng3 30. Rxg3 Re8 31. Qg4 Qb4 32. h5 Rc7 33. hxg6 f6 34. Qh5 Kf8 35. Qh8+ Ke7 36. Qxg7+ Kd8 37. Qxf6+ Kc8 38. g7 b6 39. g8Q Rxg8 40. Rxg8+ Kb7 41. Rg7 Rxg7 42. Qxg7+ Ka6 43. Nc6 Qc5 44. Qxa7+ Kb5 45. Nd4+ Kb4 46. a3+ 1-0

[Event "London Golders Green op U1900 5th"]
[Site "London"]
[Date "2015.01.17"]
[Round "1"]
[White "Gaudeau, Alain"]
[Black "Sartain, Patrick"]
[Result "0-1"]
[WhiteElo "1399"]
[BlackElo "1630"]
[PlyCount "61"]
[EventDate "2015.01.17"]
[EventType "swiss"]
[EventRounds "5"]
[EventCountry "ENG"]
[SourceTitle "EXT 2018"]
[Source "ChessBase"]
[SourceDate "2017.10.13"]
[SourceVersion "1"]
[SourceVersionDate "2017.10.13"]
[SourceQuality "1"]

1. d4 Nf6 2. c4 e6 3. Nf3 d6 4. Nc3 Be7 5. Bf4 Bd7 6. e3 Nh5 7. Bg3 Nxg3 8. hxg3 h6 9. Bd3 Nc6 10. a3 Bf6 11. Qc2 a6 12. 0-0 g5 13. Rab1 g4 14. Nd2 h5 15. Nce4 Bxd4 16. b4 Ba7 17. Qb2 e5 18. Nc3 h4 19. Nde4 f5 20. Qe2 fxe4 21. Bxe4 Qg5 22. Nd5 0-0-0 23. b5 axb5 24. cxb5 hxg3 25. fxg3 Nd4 26. Qd3 Bxb5 27. Rxb5 Nxb5 28. Rf5 Qh6 29. Kf2 c6 30. Qc2 Kb8 31. Qd2 0-1

[Event "Internet Section 06A g/8'+2\""]
[Site "Dos Hermanas"]
[Date "2004.03.06"]
[Round "3"]
[White "Rodriguez Hernandez, Jose Francisco"]
[Black "Gaudeau, Alain"]
[Result "1-0"]
[WhiteElo "1583"]
[BlackElo "1622"]
[PlyCount "111"]
[EventDate "2004.03.06"]
[EventType "swiss (blitz)"]
[EventRounds "9"]
[EventCountry "ESP"]
[SourceTitle "CBM 099 Extra"]
[Source "ChessBase"]
[SourceDate "2004.05.04"]
[SourceVersion "1"]
[SourceVersionDate "2004.05.04"]
[SourceQuality "1"]

1. e4 c6 2. d4 d5 3. e5 Bf5 4. Bd3 Bxd3 5. Qxd3 e6 6. Nd2 c5 7. dxc5 Nc6 8. Ngf3 Bxc5 9. Nb3 Bb6 10. 0-0 Nge7 11. Bg5 h6 12. Bh4 g5 13. Bg3 Ng6 14. Nfd4 Ncxe5 15. Bxe5 Nxe5 16. Qg3 Bc7 17. Qh3 g4 18. Qh5 Qd6 19. f4 Ng6 20. f5 exf5 21. Nxf5 Qb6+ 22. Kh1 0-0-0 23. Qxg4 Ne5 24. Qd4 Qxd4 25. Nbxd4 Ng4 26. Ne7+ Kb8 27. Rxf7 Nxh2 28. Ne6 Rd7 29. Nxc7 Rxc7 30. Kxh2 Re8 31. Re1 Rxc2 32. Nc6+ Rxc6 33. Rxe8+ Rc8 34. Rxc8+ Kxc8 35. Kg3 a5 36. Rf5 Kc7 37. Rxd5 b6 38. Kf4 Kc6 39. Rf5 b5 40. Rf6+ Kc5 41. Rxh6 b4 42. Rh5+ Kb6 43. b3 Ka6 44. Ke4 Kb6 45. Kd4 Ka6 46. Kc4 Kb6 47. Rh6+ Ka7 48. Kb5 a4 49. bxa4 b3 50. axb3 Kb7 51. Rh7+ Kc8 52. Kc6 Kd8 53. a5 Ke8 54. a6 Kf8 55. a7 Kg8 56. Rb7 1-0